<?xml version="1.0" encoding="UTF-8"?><?xml-stylesheet type="text/xsl" href="static/style.xsl"?><OAI-PMH xmlns="http://www.openarchives.org/OAI/2.0/" xmlns:xsi="http://www.w3.org/2001/XMLSchema-instance" xsi:schemaLocation="http://www.openarchives.org/OAI/2.0/ http://www.openarchives.org/OAI/2.0/OAI-PMH.xsd"><responseDate>2026-04-18T07:27:17Z</responseDate><request verb="GetRecord" identifier="oai:www.recercat.cat:20.500.14342/2447" metadataPrefix="marc">https://recercat.cat/oai/request</request><GetRecord><record><header><identifier>oai:recercat.cat:20.500.14342/2447</identifier><datestamp>2025-03-11T04:07:50Z</datestamp><setSpec>com_2072_482405</setSpec><setSpec>com_2072_183628</setSpec><setSpec>col_2072_482415</setSpec></header><metadata><record xmlns="http://www.loc.gov/MARC21/slim" xmlns:dcterms="http://purl.org/dc/terms/" xmlns:xsi="http://www.w3.org/2001/XMLSchema-instance" xmlns:doc="http://www.lyncode.com/xoai" xsi:schemaLocation="http://www.loc.gov/MARC21/slim http://www.loc.gov/standards/marcxml/schema/MARC21slim.xsd">
   <leader>00925njm 22002777a 4500</leader>
   <datafield ind2=" " ind1=" " tag="042">
      <subfield code="a">dc</subfield>
   </datafield>
   <datafield ind2=" " ind1=" " tag="720">
      <subfield code="a">Pego Puigbó, Armando</subfield>
      <subfield code="e">author</subfield>
   </datafield>
   <datafield ind2=" " ind1=" " tag="260">
      <subfield code="c">2018</subfield>
   </datafield>
   <datafield ind2=" " ind1=" " tag="520">
      <subfield code="a">Michel de Certeau (1925-1986) llegeix als sants reformadors carmelitesespanyols a través de les seves empremtes en la literatura espiritual francesa del segle XVII. No es tracta tant de remuntar-se a uns orígens (genealogia) com de continuar aprofundint en uns camps discursius que es superposen, es desvien i fins i tot es transformen (arqueologia). Cal també atendre el desenvolupament de les lectures que Certeau fa dels dos autors espanyols des de L'absent de l'histoire (1973) fins als escrits que han estat recuperats i tornats a editar pòstumament a La fable mystique II (2013). La narrativitat simultània d'aquesta doble
escriptura reflecteix la seva condició inconciliable: la nostàlgia d'una "présence manquante" recorre els dos nivells ja que aquesta absència impulsa el desig de enunciar-la.</subfield>
   </datafield>
   <datafield ind2=" " ind1=" " tag="520">
      <subfield code="a">Michel de Certeau (1925-1986) was reading the Spanish Reformers Carmelite saints through the traces in the seventeenth century French spiritual literature. He did not try to recover their origins (genealogy) but to go on digging in discursive fields which interact, deviate and transform each other (archeology). It is necessary to follow the development of the readings of Certeau on the Spanish authors from L’absent de l’histoire (1973) to his late essays, which han been collected posthumously in La fable mystique II (2013). The simultaneous narrative of this double writing reflects its irreducible: the nostalgia for a «presence manquante» goes through both levels as long as the absence provokes the desire of its enunciation.</subfield>
   </datafield>
   <datafield ind1="8" ind2=" " tag="024">
      <subfield code="a">http://hdl.handle.net/20.500.14342/2447</subfield>
   </datafield>
   <datafield tag="653" ind2=" " ind1=" ">
      <subfield code="a">Juan de la Cruz</subfield>
   </datafield>
   <datafield ind2="0" ind1="0" tag="245">
      <subfield code="a">Michel de Certeau, lector de Teresa de Ávila y Juan de la Cruz</subfield>
   </datafield>
</record></metadata></record></GetRecord></OAI-PMH>